Sociálnopsychologické aspekty hromadného správania občanov vo vzťahu k teroristickým akciám

Naznačenie metodologického prístupu v skúmaní psychickej záťaže hromadnej povahy vo vzťahu k teroristickým akciám. Niektoré súvislosti hromadného správania a teroristických akcií. Psychológia hromadného správania. Zvládanie hromadnej psychickej záťaže. Obavy širokej verejnosti z teroristických akcií...

Descrizione completa

Salvato in:
Dettagli Bibliografici
Autore principale: Kmošena, Miroslav
Natura: Capitolo di libro
Lingua:slovacco
Soggetti:
Tags: Aggiungi Tag
Nessun Tag, puoi essere il primo ad aggiungerne!!

MARC

LEADER 00000naa$a2200000$$$4500
001 0040119
005 20221207085315.3
041 0 |a slo 
044 |a SK 
245 1 0 |a Sociálnopsychologické aspekty hromadného správania občanov vo vzťahu k teroristickým akciám  |c Miroslav Kmošena 
520 |a Naznačenie metodologického prístupu v skúmaní psychickej záťaže hromadnej povahy vo vzťahu k teroristickým akciám. Niektoré súvislosti hromadného správania a teroristických akcií. Psychológia hromadného správania. Zvládanie hromadnej psychickej záťaže. Obavy širokej verejnosti z teroristických akcií sú i v podmienkach Slovenska opodstatnené. 
610 2 0 |a terorizmus 
610 2 0 |a psychológia 
610 2 0 |a správanie 
610 2 0 |a obyvateľstvo 
100 1 |a Kmošena, Miroslav